000 00380nam a2200133Ia 4500
008 211109s9999||||xx |||||||||||||| ||und||
082 _a894.8123
_bSAN-K
100 _aSankra Menon, K P
245 0 _aKesariyude Katha
260 _bDC Books
_aKottayam
630 _xGENERAL STACK
650 _aMalayalam Literature
_vMalayalam essays
_xMalayalam FictionShort Stories
942 _cBOOK
999 _c41740
_d41740